000 00671cam a22002413a 4500
001 31411
003 PGUSA
005 20140828083659.0
008 100226s2010||||xxu|||||s|||||000 | eng d
040 _aPGUSA
_beng
042 _adc
050 4 _aN
100 1 _aCarpenter, Flora L.
_q(Flora Leona),
_d1880-
245 1 0 _aStories Pictures Tell. Book Four
_h[electronic resource] /
_cFlora L. Carpenter
260 _bProject Gutenberg,
_c2010
506 _aPublic domain in the USA.
516 _aElectronic text
653 _aPainters
653 _aPainting
830 0 _aProject Gutenberg
_v31411
856 4 0 _uhttp://www.gutenberg.org/ebooks/31411
942 _cEB
999 _c260666
_d260666